Quick Pick: Russian Literature Quiz Stats

 Plays Quiz Updated Jul 21, 2017

Support Sporcle.
Go Orange.
Score 0/15 Timer 01:30
1 Play Today
% Correct
Karenina
93.2%
Sons
90%
Cherry
88.5%
Brothers
87.8%
Baby
82.6%
Onegin
80.2%
Ivan
79.9%
Inspector
76.3%
% Correct
Party
69.3%
Beheading
58.4%
Face
52%
Women
51.8%
Stone
48.5%
Margarita
48.5%
Don
43.9%

Today's Daily Dose

You're not logged in!

Compare scores with friends on all Sporcle quizzes.
OR
Log In
Forgot?

From the Vault

First Letters of Italian Cities

by MrWhiplash

These are some good travel recommendations for when you visit _taly.
Remove Ads.
Support Sporcle.
Get the best of Sporcle when you Go Orange. This ad-free experience offers more features, more stats, and more fun while also helping to support Sporcle. Thank you for becoming a member.

Show Comments

Extras

Top Quizzes Today


Score Distribution

Your Account Isn't Verified!

In order to create a playlist on Sporcle, you need to verify the email address you used during registration. Go to your Sporcle Settings to finish the process.

Report this User

Report this user for behavior that violates our Community Guidelines.

Details: